000 01429nam a2200361Ia 4500
001 ebr10265592
003 CaPaEBR
006 m u
007 cr cn|||||||||
008 001027s2001 nyua sb 001 0 eng d
010 _z 00052655
020 _z0826114032
020 _z9780826114037
040 _aCaPaEBR
_cCaPaEBR
035 _a(OCoLC)298460068
050 1 4 _aRC564.5.A34
_bB374 2001eb
082 0 4 _a618.97/6861
_221
100 1 _aBarry, Kristen Lawton.
245 1 0 _aAlcohol problems in older adults
_h[electronic resource] :
_bprevention and management /
_cKristen Lawton Barry, David W. Oslin, Frederic C. Blow.
260 _aNew York :
_bSpringer Pub.,
_cc2001.
300 _axi, 137 p. :
_bill.
500 _aWorkbook and follow-up in English and Spanish.
504 _aIncludes bibliographical references (p. 129-131) and index.
533 _aElectronic reproduction.
_bPalo Alto, Calif. :
_cebrary,
_d2009.
_nAvailable via World Wide Web.
_nAccess may be limited to ebrary affiliated libraries.
650 0 _aAlcoholism
_xTreatment.
650 0 _aMiddle-aged persons
_xAlcohol use.
650 0 _aOlder people
_xAlcohol use.
655 7 _aElectronic books.
_2local
700 1 _aBlow, Frederic C.
700 1 _aOslin, David W.
710 2 _aebrary, Inc.
856 4 0 _uhttp://site.ebrary.com/lib/rucke/Doc?id=10265592
_zAn electronic book accessible through the World Wide Web; click to view
999 _c10073
_d10073